000 00764nam a2200253 a 4500
001 BRCA_6159
005 20190320205344.0
008 060711s1944----nyu#######---#000-0#eng-#
041 _aeng
044 _anyu
050 4 _aBX1389
_b.M67 1944
100 1 _aMorgan, Thomas B.
_c(Thomas Brynmor)
_d1886-
_915522
245 1 0 _aThe listening post
_beighteen years on Vatican hill
_cby Thomas B. Morgan.
260 _aNueva York
_bG. P. Putnam
_c1944
300 _av, 142 p.
_c21 cm.
500 _aIncluye índice alfabético
500 _aK42
650 1 4 _aPapado
_xHistoria
_915523
650 1 4 _aTribunales papales
_xHistoria
_915524
650 1 4 _aIglesia católica
_eRelaciones diplomáticas
_915525
651 4 _aVaticano
_97705
902 _aGFM
942 _2lcc
_cB
999 _c5846
_d5846